<?xml version="1.0" encoding="UTF-8"?>
<record
    xmlns:xsi="http://www.w3.org/2001/XMLSchema-instance"
    xsi:schemaLocation="http://www.loc.gov/MARC21/slim http://www.loc.gov/standards/marcxml/schema/MARC21slim.xsd"
    xmlns="http://www.loc.gov/MARC21/slim">

  <leader>01734nam a2200313   4500</leader>
  <controlfield tag="001">117</controlfield>
  <controlfield tag="003">OSt</controlfield>
  <controlfield tag="005">20250331104427.0</controlfield>
  <controlfield tag="008">250127b        |||||||e |||| 00| 0 eng d</controlfield>
  <datafield tag="020" ind1=" " ind2=" ">
    <subfield code="a">9788535908626</subfield>
  </datafield>
  <datafield tag="040" ind1=" " ind2=" ">
    <subfield code="b">por</subfield>
  </datafield>
  <datafield tag="041" ind1=" " ind2=" ">
    <subfield code="h">eng</subfield>
    <subfield code="a">por</subfield>
  </datafield>
  <datafield tag="082" ind1=" " ind2=" ">
    <subfield code="a">920</subfield>
    <subfield code="b">J95c</subfield>
  </datafield>
  <datafield tag="100" ind1="1" ind2=" ">
    <subfield code="a"> Jung Chang,</subfield>
    <subfield code="d">1952-</subfield>
    <subfield code="9">261</subfield>
  </datafield>
  <datafield tag="240" ind1=" " ind2=" ">
    <subfield code="a">Wild swans - Three daughters of China</subfield>
  </datafield>
  <datafield tag="245" ind1=" " ind2=" ">
    <subfield code="a">Cisnes selvagens -</subfield>
    <subfield code="b">Tr&#xEA;s filhas da China /</subfield>
    <subfield code="c">Jung Chang ; Tradu&#xE7;&#xE3;o de Marcos Santarrita </subfield>
  </datafield>
  <datafield tag="260" ind1=" " ind2=" ">
    <subfield code="a">S&#xE3;o Paulo</subfield>
    <subfield code="b">Companhia das Letras</subfield>
    <subfield code="c">2006</subfield>
  </datafield>
  <datafield tag="300" ind1=" " ind2=" ">
    <subfield code="a">647 p.</subfield>
  </datafield>
  <datafield tag="520" ind1=" " ind2=" ">
    <subfield code="a">Dos costumes ancestrais &#xE0;s violentas mudan&#xE7;as provocadas pela instaura&#xE7;&#xE3;o do comunismo, Chang refaz a hist&#xF3;ria de tr&#xEA;s gera&#xE7;&#xF5;es de mulheres de uma fam&#xED;lia que tenta preservar sua humanidade em meio &#xE0; vertigem e ao horror da trajet&#xF3;ria da China no s&#xE9;culo XX.

Dos costumes ancestrais &#xE0;s violentas reviravoltas do comunismo, a China passou, em algumas d&#xE9;cadas, por uma das mais radicais e amplas transforma&#xE7;&#xF5;es j&#xE1; vistas na hist&#xF3;ria da humanidade. Mergulhando nas mem&#xF3;rias familiares de tr&#xEA;s gera&#xE7;&#xF5;es de mulheres, Cisnes selvagens &#xE9; o relato verdadeiro, com todos os acentos do drama &#xE9;pico, de uma fam&#xED;lia que tenta preservar a pr&#xF3;pria humanidade em meio &#xE0; vertigem e ao horror da trajet&#xF3;ria da China neste s&#xE9;culo.

"Um magn&#xED;fico &#xE9;pico que traz &#xE0; luz todo o lado humano da turbulenta hist&#xF3;ria chinesa do s&#xE9;culo XX." - Chicago Tribune</subfield>
  </datafield>
  <datafield tag="650" ind1=" " ind2="0">
    <subfield code="a">Literatura Chinesa</subfield>
    <subfield code="9">262</subfield>
  </datafield>
  <datafield tag="650" ind1=" " ind2="0">
    <subfield code="a">Fatos Reais</subfield>
    <subfield code="9">33</subfield>
  </datafield>
  <datafield tag="650" ind1=" " ind2="0">
    <subfield code="a">Drama</subfield>
    <subfield code="9">18</subfield>
  </datafield>
  <datafield tag="650" ind1=" " ind2="0">
    <subfield code="a">Hist&#xF3;ria</subfield>
    <subfield code="9">116</subfield>
  </datafield>
  <datafield tag="650" ind1=" " ind2="0">
    <subfield code="a">Politica</subfield>
    <subfield code="9">138</subfield>
  </datafield>
  <datafield tag="650" ind1=" " ind2="0">
    <subfield code="a">Emponderamento </subfield>
    <subfield code="9">32</subfield>
  </datafield>
  <datafield tag="655" ind1=" " ind2="0">
    <subfield code="a">Biografia </subfield>
    <subfield code="9">36</subfield>
  </datafield>
  <datafield tag="700" ind1=" " ind2=" ">
    <subfield code="a">Marcos Santarrita</subfield>
    <subfield code="e">Tradutor</subfield>
    <subfield code="9">193</subfield>
  </datafield>
  <datafield tag="942" ind1=" " ind2=" ">
    <subfield code="2">ddc</subfield>
    <subfield code="n">0</subfield>
    <subfield code="c">BK</subfield>
  </datafield>
  <datafield tag="952" ind1=" " ind2=" ">
    <subfield code="0">0</subfield>
    <subfield code="1">0</subfield>
    <subfield code="2">ddc</subfield>
    <subfield code="4">0</subfield>
    <subfield code="7">0</subfield>
    <subfield code="8">BIO</subfield>
    <subfield code="a">BIBIB</subfield>
    <subfield code="b">BIBIB</subfield>
    <subfield code="c">LE</subfield>
    <subfield code="d">2012-02-03</subfield>
    <subfield code="e">doa&#xE7;&#xE3;o</subfield>
    <subfield code="l">0</subfield>
    <subfield code="o">920 / J95c</subfield>
    <subfield code="p">2025-2386</subfield>
    <subfield code="r">2025-01-27 07:33:12</subfield>
    <subfield code="w">2025-01-27</subfield>
    <subfield code="y">BK</subfield>
  </datafield>
  <datafield tag="999" ind1=" " ind2=" ">
    <subfield code="c">117</subfield>
    <subfield code="d">117</subfield>
  </datafield>
</record>
